MARC

LEADER 00000nam1a2200000 4500
001 200222
005 20231101224936.0
010 |a 5230181575 
020 |a RU  |b 91-4382 
035 |a (RuTPU)RU\TPU\book\218283 
090 |a 200222 
100 |a 20110902d1990 k y0rusy5003 ca 
101 0 |a rus 
200 1 |a Вычислительные системы: моделирование, проектирование и программирование  |e сборник научных трудов  |f Ярославский государственный университет им. П. Г. Демидова (ЯрГУ) ; под ред. Ю. А. Маматова 
210 |a Ярославль  |c ЯрГУ  |d 1990 
215 |a 163 с.  |c ил.  |d 20 см 
225 1 |a Информатика и вычислительная техника  |e Информатика и вычисл. техника  |f Яросл. гос. ун-т 
320 |a Библиогр. в конце ст. 
606 1 |a Вычислительные системы  |2 stltpush  |3 (RuTPU)RU\TPU\subj\67468  |9 83253 
610 1 |a вычислительные системы 
610 1 |a моделирование 
610 1 |a проектирование 
610 1 |a программирование 
675 |a 681.324  |z rus  |v 3 
702 1 |a Маматов  |b Ю. А.  |f Юрий Александрович  |4 340 
712 0 2 |a Ярославский государственный университет им. П. Г. Демидова (ЯрГУ)  |2 stltpush  |3 (RuTPU)RU\TPU\col\190 
801 0 |a RU  |b RuMRKP  |c 19950417  |g psbo 
801 1 |a RU  |b 63413507  |c 20110902 
801 2 |a RU  |b 63413507  |c 20151008  |g RCR 
942 |c BK